Thrilling faith adventures of the 20th century. (Record no. 13156)

000 -LEADER
fixed length control field 00626nam a2200181 a 4500
001 - CONTROL NUMBER
control field :::00010974$&:&@@
003 - CONTROL NUMBER IDENTIFIER
control field OkBaRHE
005 - DATE AND TIME OF LATEST TRANSACTION
control field 20000607103404.0
008 - FIXED-LENGTH DATA ELEMENTS--GENERAL INFORMATION
fixed length control field s1957 j 000 0 eng u
040 ## - CATALOGING SOURCE
Transcribing agency
100 1# - MAIN ENTRY--PERSONAL NAME
Personal name Lindsay, Gordon,
245 10 - TITLE STATEMENT
Title Thrilling faith adventures of the 20th century.
260 ## - PUBLICATION, DISTRIBUTION, ETC. (IMPRINT)
Place of publication, distribution, etc Dallas, TX., :
Name of publisher, distributor, etc Voice of Healing Publishing Company
Date of publication, distribution, etc 1957
300 ## - PHYSICAL DESCRIPTION
Extent 64 p. ;
Dimensions 21 cm.
650 ## - SUBJECT ADDED ENTRY--TOPICAL TERM
Topical term or geographic name as entry element Christian Life
General subdivision Stories
942 ## - ADDED ENTRY ELEMENTS (KOHA)
Source of classification or shelving scheme
Koha item type Books
Copies
Source of classification or shelving scheme Permanent Location Lost status Date acquired Shelving location Koha item type Current Location Price effective from Barcode Total Checkouts Total Renewals Date checked out Full call number Date last seen Withdrawn status Damaged status Copy number Not for loan
 RHEMA Bible Training College 2010-04-14General StacksBooksRHEMA Bible Training College2010-04-1410974142010-04-16BV 4515.2 .L52010-05-13  1